| 000 | 00650nam a22002057a 4500 | ||
|---|---|---|---|
| 003 | OSt | ||
| 005 | 20140310181750.0 | ||
| 008 | 130129t xxu||||| |||| 00| 0 eng d | ||
| 020 | _a9719222123 | ||
| 050 |
_aLB 2822.84 .P6 _b.I67 2001 |
||
| 082 |
_aSFf 371.02 _bIn7 2001 |
||
| 100 |
_aLedesma-Tan, Genevieve _918581 |
||
| 245 |
_aInstitutional productivity & school quality through key result areas and rubrics / _cGenevieve Ledesma-Tan ... [el al.] ; |
||
| 260 |
_aLas Pinas City : _bActum Publications, _cc2001. |
||
| 300 |
_a256 p. : _bill. ; _c28 cm. |
||
| 942 |
_2lcc _cBK-SFU |
||
| 999 |
_c3149 _d3149 |
||